00721nam a22002417a 4500003000500000005001700005008004100022010000900063011000900072035000900081040000900090100002100099245008600120260007700206300000900283490004200292500001200334650002200346650002400368700002000392700002500412830004200437CHAP20220329133248.0971013s1990 r 00010 d a4071 a5043 a4249 cCHAP00aReed, Michael J. aImpact of production changes on corn movementsb: among selected states 1982-1983 aUrbana :bUniversity of Illinois. Agricultural Experiment Station,c1990 a70 p aUnivesity of Illinois bulletinv; 796 aD52-15114aMaízxMercadeo.14aMaízxTransporte.0 aHill, Lowell D.0 aPatterson, Martin G.0 aUnivesity of Illinois bulletinv; 796